000 00476nam a2200193Ia 4500
003 GCL
008 140319s9999 xx 000 0 eng d
040 _aGCL /
_cGCL
082 0 4 _aM
_bCAIRO
100 1 _aMOUSTAFA, A.R.
245 1 0 _aCAIRO, EL MOADI, AND HELWAN /
_cMOUSTAFA, A.R.
700 1 _aM.A. YEHIA
700 1 _aS.ABDEL TAWAB
260 _a[S.N] :
_bAIN SHAMS UNIVERSITY ،
_c1985
650 0 4 _aHELWAN
650 0 4 _aCAIRO
650 0 4 _aMAADI
942 _2ddc
_cMP
999 _c25765
_d25765